|
|
|
|
| LEADER |
01605nam a2200325 i 4500 |
| 001 |
31375 |
| 003 |
BD-DhAAL |
| 005 |
20161010120204.0 |
| 008 |
161010s2016 nyu b 001 0 eng |
| 010 |
|
|
|a 2015026193
|
| 020 |
|
|
|a 9781137542533
|
| 020 |
|
|
|a 1137542535
|
| 040 |
|
|
|a DLC
|b eng
|c DLC
|e rda
|d DLC
|d BD-DhAAL
|
| 050 |
0 |
0 |
|a JQ639.A15
|b I65 2016
|
| 082 |
0 |
0 |
|a 320.95492
|2 23
|
| 100 |
1 |
|
|a Islam, S. Nazrul.
|9 20614
|
| 245 |
1 |
0 |
|a Governance for development :
|b political and administrative reforms in Bangladesh /
|c S. Nazrul Islam.
|
| 264 |
|
1 |
|a New York City :
|b Palgrave Macmillan,
|c 2016
|
| 300 |
|
|
|a xiv, 276 pages ;
|c 24 cm
|
| 504 |
|
|
|a Includes bibliographical references and index.
|
| 505 |
0 |
|
|a Politics and governance in Bangladesh -- Bangladesh politics: a brief history -- Salient features of Bangladesh politics -- Approaches to improving Bangladesh politics -- Proportional representation as a way to stabilize democracy in Bangladesh -- Reduction of the government term -- Governance and civil service in Bangladesh -- Salary rationalization as key to effective civil administration -- Prospects of reforms.
|
| 526 |
|
|
|a BIGD
|
| 541 |
|
|
|e 31375
|
| 650 |
|
0 |
|a Democracy
|z Bangladesh.
|9 20615
|
| 650 |
|
0 |
|a Public administration
|z Bangladesh.
|9 20616
|
| 650 |
|
0 |
|a Political planning
|z Bangladesh.
|9 20617
|
| 651 |
|
0 |
|a Bangladesh
|x Politics and government.
|9 20618
|
| 942 |
|
|
|2 ddc
|c BK
|
| 999 |
|
|
|c 37796
|d 37796
|
| 952 |
|
|
|0 0
|1 0
|2 ddc
|4 0
|6 320_954920000000000_ISL
|7 0
|9 59643
|a IGS
|b IGS
|c GEN
|d 2016-09-25
|e Trim Education
|g 6361.00
|l 0
|o 320.95492 ISL
|p 3010031375
|r 2016-10-01
|t 1
|v 6361.00
|w 2016-09-25
|y BK
|